000 00575cam a2200229 4500
008 000000n1999 000 0 eng u
020 _a1859786987
035 _a(Sirsi) u100899
041 _aeng
050 _a346.41032
245 _aProfessional liability law and insurance.
250 _a2nd
260 _aLondon
_bLLP
_c1999
300 _alxviii,751p. ; 25cm.
350 _a160.00
650 _aPROFESSIONAL LIABILITY
650 _aPROFESSIONAL PRACTICE
650 _aMANAGEMENT-BUSINESS MANAGEMENT
690 _aLAW
700 _aHodgin, Ray
942 _n0
999 _c99908
_d99908